00541nam a2200169Ia 4500008004100000100001900041245015000060260001100210300002100221440002600242521000900268650002000277650001600297650002200313650002100335650001500356140626s9999 xx 000 0 und d aSomech, Anit.. aTranslating team creativity to innovation implementation :b the role of team composition and climate for innovation /cAnit Somech ... [et al.]. cc2013. a39 : 3, page 684 aJournal of Management aBSBA aImplementation. aInnovation. aTeam composition. aTeam creativity. aTeam work.